000 01613 a2200409 4500
001 19706930
003 0000
005 20260316114057.0
008 170614t20182018flua b 001 0 eng
010 _a 2017028404
020 _a9780367781675
020 _a1138550183
035 _a19706930
040 _aDLC
_beng
_cDLC
_erda
_dDLC
042 _apcc
050 0 0 _aQR 53 .O35
082 0 0 _a579.078
_223
100 1 _aOkafor, Nduka,
_eauthor.
245 1 0 _aModern industrial microbiology and biotechnology /
_cNduka Okafor, Department of Biological Sciences, Clemson University, Clemson, South Carolina, USA, Benedict C. Okeke, Bioprocessing and Biofuel Research Lab, Department of Biology, Auburn University at Montgomery, Alabama, USA.
250 _a2nd ed.
264 1 _aBoca Raton :
_bCRC Press, Taylor & Francis Group,
_c2018
264 4 _c2018
_aBoca Raton :
_bCRC Press, Taylor & Francis Group,
300 _axxi, 463 pages :
_billustrations (chiefly color) ;
_c26 cm
336 _atext
_btxt
_2rdacontent
337 _aunmediated
_bn
_2rdamedia
338 _avolume
_bnc
_2rdacarrier
500 _a"A Science Publishers book."
504 _aIncludes bibliographical references and index.
650 0 _aIndustrial microbiology
_vTextbooks.
650 0 _aMicrobiology
_vTextbooks.
650 0 _aBiotechnology
_vTextbooks.
650 0 _aChemical engineering
_vTextbooks.
700 1 _aOkeke, Benedict C.,
_eauthor.
906 _a7
_bcbc
_corignew
_d1
_eecip
_f20
_gy-gencatlg
942 _2lcc
_cBK
999 _c44142
_d44142